Dijon - Tramways et Bus - Statistiques

Statistiques générales
  • Ce quiz a été pris 159 fois
    158 depuis la dernière actualisation
  • Le résultat moyen est 35 sur 219
Statistiques - réponses
Réponse % Correct
Darcy
89%
République
89%
DIJON Gare
85%
Université
80%
Toison d'Or
78%
Chenôve Centre
72%
CHU - Hôpitaux
70%
Parc
70%
Piscine
69%
Auditorium
68%
Erasme
67%
DIJON Valmy
66%
Foch Gare
65%
Godrans Les Halles
65%
Nation
62%
Parc des Sports
62%
Drapeau
61%
Grésilles Trimolet
61%
Monge Cité de la gastronomie
61%
Cap Vert
58%
Zénith
58%
Europe - Simone Veil
57%
Junot
56%
Piscine Olympique
55%
1er Mai
53%
Grand Marché
52%
Poincaré
51%
Bourroches
49%
QUETIGNY Centre La Parenthèse
48%
Mazen-Sully
46%
Carraz
42%
Jaurès
40%
TALANT Dullin
40%
Le Mail
39%
Giroud
37%
30 Octobre
36%
Lycée Carnot
34%
Théâtre
33%
Wilson Carnot
33%
Fontaine d'Ouche
32%
Epirey Capnord
30%
Prison
30%
Valendons
29%
LONGVIC
27%
Suquet
27%
Gare SNCF
26%
Pôle Santé
26%
Square Darcy
26%
Wilson Sisley
26%
Transvaal
24%
Bibliothèque
23%
Dubois
21%
Chicago
20%
Mansart
20%
MARSANNAY
20%
Petites Roches
19%
CHEVIGNY
17%
De Musset
17%
Wilson Dumont
17%
Clomiers
16%
Lycée Eiffel
16%
St-Mesmin
16%
Baudin
14%
Génois
14%
Spuller
14%
ST-APOLLINAIRE Val Sully
14%
Ziem
14%
AgroSup
13%
Reims
13%
Boulanger
12%
IUT
12%
Darcy Sévigné
11%
Alsace
10%
D'Arbaumont
10%
Darcy Devosge
10%
Le Nôtre
10%
Lycée H. Fontaine
10%
St-Michel
10%
21ème Siècle
9%
Chaumière
9%
CH La Chartreuse
9%
Cité Dampierre
9%
Creux d'Enfer
9%
Canzio
8%
Chancenotte
8%
Joffre
8%
Piscine Carrousel
8%
Princes de Condé
8%
Via Romana
8%
Dallas CRI
7%
Févret
7%
Granville
7%
Jeanne d'Arc
7%
La Vapeur
7%
Marne
7%
Quantin
7%
Theuriet
7%
Vaillant
7%
Albert 1er
6%
Avenue du Lac
6%
Bachelard
6%
Churchill
6%
Défense
6%
Dupuis
6%
Guibaudet
6%
Herriot
6%
Longvic Centre
6%
Nachey
6%
Salengro
6%
Ste-Chantal
6%
Bourroches Eiffel
5%
Cellerier
5%
Champmaillot
5%
Giraud
5%
Hoin
5%
Jouvet
5%
La Fillotte
5%
Lycée Boivin
5%
MARSANNAY Portes du Sud
5%
Néruda
5%
Picasso
5%
Rétisseys
5%
Rolin
5%
Roosevelt
5%
Rouen
5%
SNCF Vincenot
5%
Strasbourg
5%
Urgences CHU
5%
Belin
4%
Billardon
4%
Castelnau
4%
Cimetière
4%
Diebolt
4%
Faubourg Raines
4%
Grangier
4%
Jura
4%
Les Charmes
4%
Longvic Mairie
4%
Monnet
4%
Montmuzard
4%
Moulissards
4%
Quetigny Centre Commercial
4%
SNCF Porte Neuve
4%
Terrillon
4%
Visitation
4%
Bossuet
3%
Bourillot
3%
Chanoine Kir
3%
Félizots
3%
Fyot
3%
Gorgets
3%
Pasteur
3%
Pommerets
3%
QUETIGNY Europe
3%
Ranelagh
3%
Zola
3%
Abbé Chanlon
2%
Bief du Moulin
2%
Bouhey
2%
Collège Rostand
2%
Croix des Valendons
2%
Duhamel
2%
Europe Découverte
2%
Gauthier
2%
Kennedy
2%
Le Jolivet
2%
Lycée de Serres
2%
Mayence
2%
Opaline
2%
Place des Savoirs
2%
Quetignerot
2%
Richet
2%
Seguin
2%
Ste-Bernadette
2%
Touzet du Vigier
2%
Valentin
2%
Atria
1%
Belfontaine
1%
Bicentenaire
1%
Bois du Roy
1%
Bouteiller
1%
Camus
1%
Château
1%
Chevigny Mairie
1%
Collège Chapitre
1%
Cortots
1%
Fontaine Centre Commercial
1%
Foussets
1%
Grands Crus
1%
Jacquat
1%
Jean Bertin
1%
L. de Vinci
1%
L'Ogive
1%
Longènes
1%
Molière
1%
Paquier d'Aupré
1%
Presles
1%
Tamaris
1%
Volnay
1%
Zipfel
1%
Allende
0%
Champeaux
0%
Clématites
0%
Curie
0%
Dardelain
0%
De Brosses
0%
Doumer
0%
Guignard
0%
Herbiottes
0%
Langevin
0%
Mairie de Bourgogne
0%
Pièce Léger
0%
Pré Potets
0%
Prévert
0%
Ratel
0%
Renan
0%
Rue de Longvic
0%
Stade Poussots
0%
Thibaut
0%
Aucun quiz correspondant
Distribution des résultats
% des personnes avec chaque résultat
Percentile par nombre de réponses
Votre historique - résultats
Vous n’avez pas pris ce quiz depuis la dernière actualisation